000 00612nam a22001817a 4500
008 250221b |||||||| |||| 00| 0 eng d
040 _aKABU
_cKABU
050 _aThe MT3
_b.K46K57 2023
100 _aKiragu, James Nderitu
245 _aSystems facilitating the sustainability of Kayamba Musical Instrument of the Mijikenda in Kilifi County, Kenya /
_cJames Kiragu Nderitu
260 _aNakuru, Kenya:
_bKabarak University,
_c2023
300 _axvi, 192p.
500 _aUnpublished Thesis
650 _aSustainability
_xmusic
700 _aKidula, Jean
700 _aMonte, Ernest Patrick
942 _2lcc
_cTHE
999 _c20678
_d20677